000 00651nam a2200181Ia 4500
008 151202s9999||||xx |||||||||||||| ||und||
082 _bPNVM-50121
100 _aअर्नाळकर बाबुराव.
245 _aसव्विसावें सावज.
260 _b"रम्यकथा प्रकाशन,पुणे."
260 _c1976
300 _a86
600 _aअर्नाळकर बाबुराव.
630 _aसव्विसावें सावज.
700 _aअर्नाळकर बाबुराव.
730 _aसव्विसावें सावज.
942 _cBOOK
999 _c1316663
_d1316660